| 000 | 00349nam a2200145Ia 4500 | ||
|---|---|---|---|
| 008 | 230711s9999||||xx |||||||||||||| ||und|| | ||
| 041 | _aENG | ||
| 082 | _bLA-O | ||
| 100 | _aLaw,jonathan Ed | ||
| 245 | 0 | _aOxford language reference | |
| 250 | _a2nd . Ed. | ||
| 260 |
_c2006 _aNew York _bOxford University Press |
||
| 650 | _aLiterature | ||
| 942 | _cBK | ||
| 999 |
_c4413 _d4413 |
||